[Event "Bad Wiessee Seniors op"]
[Site "Bad Wiessee"]
[Date "2012.04.25"]
[Round "5"]
[White "Metzen, Hans Peter"]
[Black "Schurig, Wilhelm"]
[Result "0-1"]
[WhiteElo "1699"]
[BlackElo "1914"]
[PlyCount "71"]
[EventDate "2012.04.21"]
[EventType "swiss"]
[EventRounds "9"]
[EventCountry "GER"]
[SourceTitle "EXT 2015"]
[Source "ChessBase"]
[SourceDate "2014.11.20"]
[SourceVersion "1"]
[SourceVersionDate "2014.11.20"]
[SourceQuality "1"]

1. e4 g6 2. d4 Bg7 3. Nf3 d6 4. c4 a6 5. Nc3 Bg4 6. Be2 Nc6 7. Be3 e5 8. d5 Bxf3 9. Bxf3 Nd4 10. Bxd4 exd4 11. Ne2 c5 12. 0-0 Nf6 13. Rb1 0-0 14. Ng3 b5 15. b3 bxc4 16. bxc4 Qa5 17. Qc2 Rab8 18. Rb3 Rxb3 19. axb3 Rb8 20. Bd1 Qb4 21. Qd3 h5 22. h3 Nd7 23. f4 Qc3 24. Qxc3 dxc3 25. Bc2 a5 26. Rb1 Ra8 27. Kf2 Nb6 28. Ke3 Bd4+ 29. Kd3 f5 30. Rf1 h4 31. Nh1 fxe4+ 32. Kxe4 a4 33. bxa4 Nxc4 34. Bb3 Ne3 35. g3 Nxf1 36. Nf2 0-1

[Event "Bayern-ch Seniors 20th"]
[Site "Bergen"]
[Date "2008.06.15"]
[Round "9.14"]
[White "Beck, Gerhard"]
[Black "Metzen, Hans Peter"]
[Result "1-0"]
[WhiteElo "1892"]
[BlackElo "1822"]
[PlyCount "113"]
[EventDate "2008.06.07"]
[EventType "swiss"]
[EventRounds "9"]
[EventCountry "GER"]
[SourceTitle "EXT 2022"]
[Source "ChessBase"]
[SourceDate "2021.10.06"]
[SourceVersion "1"]
[SourceVersionDate "2021.10.06"]
[SourceQuality "1"]

1. c4 Nf6 2. g3 g6 3. Bg2 Bg7 4. Nc3 0-0 5. e4 c5 6. Nge2 Nc6 7. 0-0 d6 8. d3 Rb8 9. h3 a6 10. Be3 b5 11. Rb1 b4 12. Nd5 e6 13. Nxf6+ Bxf6 14. f4 e5 15. f5 Bg7 16. Qd2 f6 17. g4 g5 18. Bf2 Kf7 19. h4 h6 20. Kh2 Rh8 21. Bf3 a5 22. Rh1 a4 23. Kg2 Bd7 24. Be3 Qe7 25. Rbf1 Na5 26. Qc1 Nc6 27. Bd2 Nd4 28. Nxd4 exd4 29. Be1 Rbg8 30. Bg3 h5 31. hxg5 fxg5 32. Rxh5 Rxh5 33. gxh5 Be5 34. Bg4 Bxg3 35. Kxg3 Qe5+ 36. Kg2 Qf6 37. Rh1 Rh8 38. Qe1 Qe5 39. Qg3 Qf6 40. Bf3 Ke7 41. Re1 Rh6 42. e5 Qxf5 43. exd6+ Kd8 44. Re5 Qf4 45. Qxg5+ Qxg5+ 46. Rxg5 Rxd6 47. Rd5 Ke7 48. Rxd6 Kxd6 49. h6 Bf5 50. Be4 Bxe4+ 51. dxe4 Ke5 52. h7 Kxe4 53. h8Q Kd3 54. Qh7+ Kxc4 55. Qc2+ Kb5 56. Kf3 b3 57. axb3 1-0

[Event "Bayern-ch Seniors 20th"]
[Site "Bergen"]
[Date "2008.06.10"]
[Round "4.10"]
[White "Metzen, Hans Peter"]
[Black "Hicker, Harald"]
[Result "0-1"]
[WhiteElo "1822"]
[BlackElo "2008"]
[PlyCount "56"]
[EventDate "2008.06.07"]
[EventType "swiss"]
[EventRounds "9"]
[EventCountry "GER"]
[SourceTitle "EXT 2022"]
[Source "ChessBase"]
[SourceDate "2021.10.06"]
[SourceVersion "1"]
[SourceVersionDate "2021.10.06"]
[SourceQuality "1"]

1. c4 c5 2. Nf3 Nc6 3. g3 g6 4. Bg2 Bg7 5. 0-0 d6 6. Nc3 Rb8 7. e3 e5 8. Re1 Nge7 9. Rb1 a6 10. Qe2 0-0 11. a3 b5 12. cxb5 axb5 13. b4 c4 14. d4 exd4 15. Nxd4 Nxd4 16. exd4 Nf5 17. Nxb5 Rxb5 18. Qxc4 Nxd4 19. Be3 d5 20. Qf1 Rb7 21. Red1 Nf5 22. Bc5 Re8 23. Bxd5 Rd7 24. Bc6 Qc7 25. Bxd7 Bxd7 26. Qd3 Bc6 27. Re1 Rd8 28. Re2 Rxd3 0-1

[Event "Oberliga Bayern 0607"]
[Site "Bayern"]
[Date "2007.03.18"]
[Round "7.6"]
[White "Just, Hannes"]
[Black "Metzen, Hans Peter"]
[Result "1-0"]
[WhiteElo "2123"]
[BlackElo "1774"]
[PlyCount "79"]
[EventDate "2006.10.15"]
[EventType "team-tourn"]
[EventRounds "9"]
[EventCountry "GER"]
[SourceTitle "EXT 2008"]
[Source "ChessBase"]
[SourceDate "2007.11.25"]
[SourceVersion "1"]
[SourceVersionDate "2007.11.25"]
[SourceQuality "1"]
[WhiteTeam "Nuernberg NT"]
[BlackTeam "Muenchen 36"]
[WhiteTeamCountry "GER"]
[BlackTeamCountry "GER"]

1. e4 d6 2. d4 Nf6 3. Nc3 g6 4. h3 Bg7 5. Be3 0-0 6. Nge2 Nc6 7. Qd2 Re8 8. g4 e5 9. d5 Ne7 10. 0-0-0 b5 11. Ng3 b4 12. Nce2 a5 13. Kb1 Ba6 14. Nc1 Qc8 15. f3 Rd8 16. g5 Nd7 17. h4 Bxf1 18. Rdxf1 c6 19. h5 cxd5 20. exd5 Qc4 21. Rd1 Rdc8 22. Rh2 a4 23. Rg2 Ra5 24. Ne4 Nf5 25. Rg4 Nxe3 26. Nf6+ Nxf6 27. Rxc4 Nxc4 28. Qxb4 Nxd5 29. Qb7 Rcc5 30. Rxd5 Rxd5 31. Qc8+ Bf8 32. Qxc4 Rdc5 33. Qe4 Ra7 34. Nd3 Rb5 35. c3 Bg7 36. Qe3 Re7 37. h6 Bf8 38. Qe4 Reb7 39. Nb4 Rc5 40. Qxb7 1-0